Classements compagnies aériennes par nombre de lignes - Statistiques

Statistiques générales
  • Ce quiz a été pris 22 fois
  • Le résultat moyen est 6 sur 10
Statistiques - réponses
Nombre de lignes Pays Réponse % Correct
6 192 Irlande Ryanair
91%
1 250 Etats-Unis American Airlines
77%
975 Etats-Unis Delta Airlines
77%
2 761 Royaume-Uni EasyJet
68%
641 Chine Air China
55%
1 033 Etats-Unis United Airlines
55%
3 161 Etats-Unis Southwest Airlines
41%
1 047 Chine China Eastern Airlines
36%
610 Inde IndiGo
36%
963 Chine China Southern Airlines
32%
Aucun quiz correspondant
Distribution des résultats
% des personnes avec chaque résultat
Percentile par nombre de réponses
Votre historique - résultats
Vous n’avez pas pris ce quiz